LEADER 01038nam a22002531i 4500 001 991003970149707536 005 20040707111258.0 008 040802s1993 it a||||||||||||||||ita 035 $ab13153924-39ule_inst 035 $aARCHE-110653$9ExL 040 $aBiblioteca Interfacoltà$bita$cA.t.i. Arché s.c.r.l. Pandora Sicilia s.r.l. 082 04$a681.1109 100 1 $aBoccolari, Giorgio$0490619 245 10$aKronos :$bstoria della misurazione del tempo a Modena /$cGiorgio Boccolari 260 $aModena :$bAedes Muratoriana,$c1993 300 $a164 p. :$bill. ;$c31 cm 440 0$aBiblioteca [della] Deputazione di storia patria per le antiche provincie modenesi.$nSerie speciale ;$v19 650 4$aOrologi$xModena$xStoria 907 $a.b13153924$b02-04-14$c05-08-04 912 $a991003970149707536 945 $aLE002 St. XXIII F 6$g1$i2002000405623$lle002$nC. 1$o-$pE0.00$q-$rl$s- $t0$u0$v0$w0$x0$y.i13792258$z05-08-04 996 $aKronos$9311064 997 $aUNISALENTO 998 $ale002$b05-08-04$cm$da $e-$fita$git $h0$i1 LEADER 01094nam 2200325 450 001 996661672503316 005 20250612130625.0 100 $a20250612d1987----km y0itay5003 ba 101 0 $aita 102 $aIT 105 $ay 00 y 200 1 $a<> rapporti patrimoniali nella famiglia$esaggi dai corsi di lezioni di diritto civile$fProff. Michele Spinelli e Giuseppe Panza 210 $aBari$cAdriatica$d1987- 215 $avolumi$d25 cm 300 $aIn testa al frontespizio: L'attuale diritto di famiglia 327 1 $a1: Le convenzioni matrimoniali / Michele Spinelli, Ferdinando Parente, Domenico Conserva. - 166 p. 540 0$a<> convenzioni matrimoniali 606 0 $aPatrimonio$xDiritto$2BNCF 676 $a346.45 702 1$aSPINELLI,$bMichele 702 1$aPANZA,$bGiuseppe 702 1$aPARENTE,$bFerdinando 702 1$aCONSERVA,$bDomenico 801 0$aIT$bcba$gREICAT 912 $a996661672503316 951 $aXVI.7.C. 246$bFBUO$cXVI.7.C. 959 $aBK 969 $aFBUO 996 $aRapporti patrimoniali nella famiglia$9682580 997 $aUNISA